Statistics for Countries "Ruled" by King Charles III

Click here to take the quiz!

General Stats

  • This quiz has been taken 65,798 times
    (40,407 since last reset)
  • The average score is 10 of 15

Answer Stats

Country% Correct
United Kingdom
93%
Australia
91%
Canada
87%
New Zealand
86%
Antigua and Barbuda
63%
Bahamas
63%
Jamaica
63%
St. Kitts and Nevis
62%
St. Lucia
61%
St. Vincent and the Grenadines
59%
Grenada
52%
Tuvalu
48%
Belize
44%
Solomon Islands
41%
Papua New Guinea
36%

Score Distribution

Percentile by Number Answered

Percent of People with Each Score

Your Score History

You have not taken this quiz since the last reset